<?xml version="1.0" encoding="UTF-8"?><?xml-stylesheet type="text/xsl" href="static/style.xsl"?><OAI-PMH xmlns="http://www.openarchives.org/OAI/2.0/" xmlns:xsi="http://www.w3.org/2001/XMLSchema-instance" xsi:schemaLocation="http://www.openarchives.org/OAI/2.0/ http://www.openarchives.org/OAI/2.0/OAI-PMH.xsd"><responseDate>2026-06-01T03:34:56Z</responseDate><request verb="GetRecord" identifier="oai:riuma.uma.es:10630/34656" metadataPrefix="marc">https://riuma.uma.es/rest/oai/request</request><GetRecord><record><header><identifier>oai:riuma.uma.es:10630/34656</identifier><datestamp>2026-02-03T11:40:26Z</datestamp><setSpec>com_10630_2254</setSpec><setSpec>col_10630_37956</setSpec></header><metadata><record xmlns="http://www.loc.gov/MARC21/slim" xmlns:dcterms="http://purl.org/dc/terms/" xmlns:doc="http://www.lyncode.com/xoai" xmlns:xsi="http://www.w3.org/2001/XMLSchema-instance" xsi:schemaLocation="http://www.loc.gov/MARC21/slim http://www.loc.gov/standards/marcxml/schema/MARC21slim.xsd">
   <leader>00925njm 22002777a 4500</leader>
   <datafield ind2=" " ind1=" " tag="042">
      <subfield code="a">dc</subfield>
   </datafield>
   <datafield ind2=" " ind1=" " tag="720">
      <subfield code="a">Mayorga-Chamorro, José Ignacio</subfield>
      <subfield code="e">author</subfield>
   </datafield>
   <datafield ind2=" " ind1=" " tag="260">
      <subfield code="c">2015</subfield>
   </datafield>
   <datafield ind2=" " ind1=" " tag="520">
      <subfield code="a">Cuando Juan Antonio Ramírez, Diego Santos y Carlos Canal alumbraron en 1987 El estilo del Relax. N-340. Málaga, h. 1953-1965, abrieron las puertas de uno de los más lúcidos estudios de los paisajes culturales del boom turístico español de mediados del siglo XX realizados hasta la fecha. Sin embargo, para dar cabida entre hotel y hotel a sus depósitos de agua y barcos-bazar, tuvieron que dejar fuera –condenándolo al postrero olvido- un segundo fenómeno de modernidad que, en paralelo, irrumpía con fuerza en la Málaga de aquel momento. &#xd;
&#xd;
El desbordante crecimiento del litoral malagueño en los 60 y 70 del siglo XX promovió la creación de un importante número de templos parroquiales, cómplices a su vez de aquella (otra) gran corriente de modernidad internacional que trajo consigo el Concilio Vaticano II. Todos ellos, gozando de su recién adquirida libertad, se lanzaran sin tapujos  a aquella ola de nuevas formas y lenguajes florecidos al calor del turismo costasoleño y que, en su mezcla de modernidad desenfadada, exagerada, algo cutre y encantadoramente provinciana, llamamos “Estilo del Relax”. Analizaremos de forma crítica todos estos discursos, en sus triunfos y ausencias, para releer así de una forma nueva, desde su confluencia, el paisaje cultural y urbano de la Costa del Sol.</subfield>
   </datafield>
   <datafield ind1="8" ind2=" " tag="024">
      <subfield code="a">MAYORGA CHAMORRO, José Ignacio (2015), "Arquitectura religiosa en la Costa del Sol. Una modernidad olvidada." en CHAVES MARTÍN, Miguel Ángel (Ed.), Arquitectura, Patrimonio y Ciudad. Universidad Complutense de Madrid - Grupo de Investigación Arte, Arquitectura y Comunicación en la Ciudad Contemporánea, pp. 233-238</subfield>
   </datafield>
   <datafield ind1="8" ind2=" " tag="024">
      <subfield code="a">ISBN: 978-84-606-9565-3</subfield>
   </datafield>
   <datafield ind1="8" ind2=" " tag="024">
      <subfield code="a">https://hdl.handle.net/10630/34656</subfield>
   </datafield>
   <datafield tag="653" ind2=" " ind1=" ">
      <subfield code="a">Arquitectura religiosa - Costal del Sol</subfield>
   </datafield>
   <datafield ind2="0" ind1="0" tag="245">
      <subfield code="a">Arquitectura religiosa en la Costa del Sol: una modernidad olvidada.</subfield>
   </datafield>
</record>
</metadata></record></GetRecord></OAI-PMH>